000 01470nam a2200217Ia 4500
003 OSt
005 20241028162030.0
007 ca aa aaaaa
008 201103s9999 xx 000 0 und d
040 _cSSBUL
041 _abur
082 _223
_a၂၉၄.၃၄၄၃ ဆေ
_b၉၁၄၅ S-SAT
100 0 _aဆေကိန္ဒ၊ အရှင်၊ ဓမ္မဒူတ
_917353
245 1 0 _aမကြောက်တော့ဘူးတရားတော်နှင့်မိဘနှစ်ပါးတိုး၏သိကောင်းစရာအကြောင်းအရာများ=Won't Be Afraid Any More /
_cအရှင်ဆေကိန္။
260 _a[နေရာမပါ] ၊
_b[ထုတ်ဝေသူမပါ]၊
_c[၂၀၀၇]။
300 _a၂၈၅ စာမျက်နှာ ၊
_bဓါတ်ပုံများ(ကာလာ) ၊
_c၂၅ စင်တီ။
500 _a ၂၀၀၆ ခုနှစ်၊ ဖေဖော်ဝါရီလ(၂၁)ရက်နေ့တွင်စင်္ကာပူ၌ကွယ်လွန်သွားသောဒေါ်ချိန်ကင်း၏ဓမ္မဒါနအဖြစ်ထုတ်ဝေထားသည်။ မြန်မာ- အင်္ဂလိပ်နှစ်ဘာသာဖြင့်ရေးသားထားသည်
500 _aS-SAT: Dr. Sai Aung Tun
650 _aဗုဒ္ဒတရားတော်
_914864
942 _2ddc
_cBK1
999 _c16748
_d16748